| 000 | 01022cab a2200313 4500 | ||
|---|---|---|---|
| 001 | WB2847-61 | ||
| 008 | 090401t1992 xxu||||| |||| 00| 0 eng d | ||
| 035 | _a(Sirsi) u73055 | ||
| 041 | _aeng | ||
| 245 | _aWater: landowner`s natural right | ||
| 260 | _c1992 | ||
| 350 | _a0 | ||
| 490 |
_aEstates Gazette Case Summaries _v(1992) EGCS 142(1) (28/11/92) |
||
| 520 | _a"Cambridge Water Co v Eastern Counties Leather plc" CA 19 November 1992. C appealed successfully for damages arising from the contamination at a pumping station caused by the respondent (E) through polluted ground water. | ||
| 650 | _aAQUIFERS | ||
| 650 | _aCAMBRIDGE WATER CO LTD V EASTERN COUNTIES LEATHER PLC (CA) | ||
| 650 | _aDAMAGES | ||
| 650 | _aENVIRONMENTAL LIABILITY | ||
| 650 | _aENVIRONMENTAL POLLUTION | ||
| 650 | _aLIABILITY | ||
| 650 | _aNEGLIGENCE | ||
| 650 | _aNUISANCE | ||
| 650 | _aPOLLUTION | ||
| 650 | _aTANNERY | ||
| 650 | _aWATER AQUIFER | ||
| 690 | _aWATER-CASE LAW | ||
| 942 | _n0 | ||
| 948 | _c04/03/1997 | ||
| 999 |
_c46195 _d46195 |
||